000 00691nam a2200289Ia 4500
005 20260324134024.0
008 008 260324s9999 xx 000 0 eng d
020 _a9780203165751
037 _aEBOOK
040 _aCRL
040 _beng
040 _cCRL
041 _2eng
041 _aeng
084 _qCRL
100 _aFiona Colgan; Sue Ledwith
_91195282
245 0 _aGender, Diversity and Trade Unions
245 0 _bInternational Perspectives
260 _bTaylor and Francis
260 _c2002
365 _a
365 _b240
856 _uhttp://www.taylorfrancis.com/books/9780203165751
942 _cEBOOK
999 _c1794914
_d1794914